000 01094nam1a22002651 4500
001 rc\3053662
005 20111011134545.7
035 _a(NLR Aleph) 007192965
090 _a7556099
_c7556099
100 _a20111011d1940 |||y0rusy50 ca
101 0 _arus
102 _aRU
105 _ay z |||||
200 1 _aЗадания ... по русскому языку для заочников 5-го класса средней школы взрослых
_e№ 1, 2, 3-
_fСост. С.Е. Крючков и М.В. Светлаев
_gНаркомпрос РСФСР. Упр. по образованию взрослых
210 _aНовосибирск
_cБ. и.
_d1940
_gтип. № 1 Облисполкома
215 _d20 см
300 _aБез тит. л. Описано по обл.
702 1 _aКрючков
_bС. Е.
_4220
702 1 _aСветлаев
_bМ. В.
_4220
710 0 1 _aРСФСР
_bУправление по образованию взрослых
801 0 _aRU
_bNLR
_gpsbo
801 1 _aRU
_bELAR
_2rusmarc
852 _aNLR
_j40-17/290
942 _cBOOK
980 _aNB